[Event "Wuerttemberg-ch Seniors 15th"]
[Site "Ellwangen"]
[Date "2003.04.11"]
[Round "1"]
[White "Weber, Ludwig"]
[Black "Fels, Karl Heinz"]
[Result "0-1"]
[WhiteElo "1442"]
[BlackElo "1809"]
[PlyCount "52"]
[EventDate "2003.04.??"]
[EventType "swiss"]
[EventRounds "9"]
[EventCountry "GER"]
[SourceTitle "EXT 2006"]
[Source "ChessBase"]
[SourceDate "2005.11.24"]
[SourceVersion "1"]
[SourceVersionDate "2005.11.24"]
[SourceQuality "1"]

1. d3 d5 2. Nd2 Nf6 3. c3 e5 4. e4 Be7 5. h3 0-0 6. g4 h6 7. Ne2 c5 8. Ng3 Nc6 9. Qc2 Rb8 10. Nf3 b5 11. Bd2 Qb6 12. Be2 d4 13. Qc1 Nh7 14. Nh5 g5 15. Rg1 dxc3 16. bxc3 f6 17. Ng3 Be6 18. Nf5 Bxf5 19. gxf5 Kh8 20. h4 Rg8 21. hxg5 fxg5 22. Nh2 Nd8 23. Bh5 Qd6 24. Qc2 c4 25. dxc4 bxc4 26. 0-0-0 Qa3+ 0-1

[Event "Bad Woerishofen op 17th"]
[Site "Bad Woerishofen"]
[Date "2001.??.??"]
[Round "8"]
[White "Lang, Ludwig"]
[Black "Weber, Ludwig"]
[Result "0-1"]
[WhiteElo "1192"]
[BlackElo "1630"]
[PlyCount "106"]
[EventDate "2001.03.15"]
[EventType "swiss"]
[EventRounds "9"]
[EventCountry "GER"]
[SourceTitle "CBM 081 Extra"]
[Source "ChessBase"]
[SourceDate "2001.05.06"]
[SourceVersion "1"]
[SourceVersionDate "2001.05.06"]
[SourceQuality "1"]

1. e4 e5 2. Nf3 d6 3. d4 Nd7 4. c4 h6 5. d5 Ngf6 6. Nc3 Be7 7. Be2 Nf8 8. h3 N6d7 9. b4 g5 10. Nd2 Ng6 11. Nb3 b6 12. g4 Nh4 13. Rg1 Nf8 14. Nd2 Nfg6 15. Nf1 Nf4 16. Bxf4 gxf4 17. f3 Bd7 18. b5 Bg5 19. Qb3 Bc8 20. 0-0-0 Ng6 21. a4 a5 22. bxa6 Bxa6 23. Kc2 Nf8 24. c5 Bxe2 25. Nxe2 bxc5 26. Rb1 Nd7 27. Nc3 0-0 28. Nd2 Nb6 29. Qa2 Bh4 30. Nc4 Kh7 31. Rb5 Bf2 32. Rgb1 Ra6 33. Nxb6 cxb6 34. Nd1 Bd4 35. a5 Qa8 36. Qc4 Rxa5 37. Rxa5 Qxa5 38. Rb5 Qa6 39. Nc3 Ra8 40. Qb3 c4 41. Qb4 Bc5 42. Qxc4 Kg6 43. Qe2 Qa1 44. Rb1 Qa7 45. Kd1 Qe7 46. Qe1 Ra3 47. Kc2 Ra8 48. Qf1 Qh4 49. Ne2 Kg5 50. Qh1 Ra2+ 51. Kd1 Be3 52. Nc3 Rd2+ 53. Kc1 Rh2+ 0-1

[Event "Bad Woerishofen op 17th"]
[Site "Bad Woerishofen"]
[Date "2001.??.??"]
[Round "2"]
[White "Maugg, Ludwig"]
[Black "Weber, Ludwig"]
[Result "1-0"]
[WhiteElo "2160"]
[BlackElo "1630"]
[PlyCount "97"]
[EventDate "2001.03.15"]
[EventType "swiss"]
[EventRounds "9"]
[EventCountry "GER"]
[SourceTitle "CBM 081 Extra"]
[Source "ChessBase"]
[SourceDate "2001.05.06"]
[SourceVersion "1"]
[SourceVersionDate "2001.05.06"]
[SourceQuality "1"]

1. d4 Nf6 2. c4 e6 3. Nf3 c6 4. Nc3 Bb4 5. e3 Ne4 6. Qc2 Qa5 7. Qxe4 Bxc3+ 8. Bd2 Bxd2+ 9. Nxd2 d6 10. Qc2 Nd7 11. Bd3 g6 12. 0-0 Nf6 13. c5 d5 14. Rab1 Qc7 15. f4 Ng4 16. Rbe1 f5 17. h3 Nf6 18. Nf3 Qe7 19. b4 0-0 20. a4 Bd7 21. b5 Rfc8 22. Ne5 Qe8 23. Rb1 Rab8 24. Rfc1 Qd8 25. Qd2 Be8 26. Rb3 Nd7 27. bxc6 Nxe5 28. cxb7 Rc7 29. fxe5 Bxa4 30. Ra3 Bc6 31. Rxa7 Rcxb7 32. Rxb7 Rxb7 33. Rb1 Qb8 34. Rxb7 Qxb7 35. Qa5 Qd7 36. Qb6 Kg7 37. Ba6 Kh6 38. Qb8 Kg7 39. Qd6 Kf7 40. Qxd7+ Bxd7 41. Bb7 h6 42. c6 Bxc6 43. Bxc6 g5 44. Kf2 Ke7 45. Ba4 Kf7 46. g3 Ke7 47. Kf3 g4+ 48. hxg4 fxg4+ 49. Kf4 1-0

[Event "Wuerttemberg-ch Seniors 13th"]
[Site "Ellwangen"]
[Date "2001.??.??"]
[Round "6"]
[White "Weber, Ludwig"]
[Black "Karner, Irmgard"]
[Result "0-1"]
[WhiteElo "1554"]
[BlackElo "1800"]
[PlyCount "33"]
[EventDate "2001.04.??"]
[EventType "swiss"]
[EventRounds "9"]
[EventCountry "GER"]
[SourceTitle "EXT 2006"]
[Source "ChessBase"]
[SourceDate "2005.11.24"]
[SourceVersion "1"]
[SourceVersionDate "2005.11.24"]
[SourceQuality "1"]

1. e4 d6 2. c3 Nf6 3. Bd3 e5 4. Qe2 g6 5. Bc2 c6 6. d3 Bg7 7. Nd2 Bg4 8. f3 Be6 9. g4 Nbd7 10. Nf1 h5 11. g5 Nh7 12. h4 Qc7 13. Qg2 Nb6 14. Bd2 Nf8 15. Nh3 Bd7 16. Ng3 Ne6 17. 0-0-0 0-1

[Event "Wuerttemberg-ch Seniors 13th"]
[Site "Ellwangen"]
[Date "2001.??.??"]
[Round "2"]
[White "Weber, Ludwig"]
[Black "Pietrek, Gerhard"]
[Result "0-1"]
[WhiteElo "1554"]
[BlackElo "1612"]
[PlyCount "60"]
[EventDate "2001.04.??"]
[EventType "swiss"]
[EventRounds "9"]
[EventCountry "GER"]
[SourceTitle "EXT 2006"]
[Source "ChessBase"]
[SourceDate "2005.11.24"]
[SourceVersion "1"]
[SourceVersionDate "2005.11.24"]
[SourceQuality "1"]

1. e4 c5 2. Bc4 Nc6 3. c3 e6 4. Qe2 g6 5. Bb3 Bg7 6. d3 Nge7 7. Nd2 0-0 8. Nf1 Re8 9. g4 d5 10. h4 Ne5 11. Bc2 f5 12. g5 fxe4 13. dxe4 d4 14. f4 d3 15. Qd2 dxc2 16. fxe5 Bxe5 17. Qxc2 b6 18. Bd2 Ba6 19. Rh3 Rf8 20. Ne3 Bd3 21. Qb3 c4 22. Qb5 Qd6 23. 0-0-0 a6 24. Qb4 Qxb4 25. cxb4 Rac8 26. Ng4 Bf4 27. Nf6+ Rxf6 28. gxf6 Bxd2+ 29. Kxd2 Nc6 30. Kc3 Kf7 0-1

[Event "Wuerttemberg-ch Seniors 12th"]
[Site "Ellwangen"]
[Date "2000.??.??"]
[Round "8"]
[White "Weber, Ludwig"]
[Black "Trnovec, Mihaly"]
[Result "0-1"]
[WhiteElo "1630"]
[BlackElo "1940"]
[PlyCount "106"]
[EventDate "2000.04.??"]
[EventType "swiss"]
[EventRounds "9"]
[EventCountry "GER"]
[SourceTitle "EXT 2006"]
[Source "ChessBase"]
[SourceDate "2005.11.24"]
[SourceVersion "1"]
[SourceVersionDate "2005.11.24"]
[SourceQuality "1"]

1. e4 c5 2. Bc4 g6 3. c3 Bg7 4. Qe2 Nc6 5. Bb3 e6 6. d3 Nge7 7. Nd2 0-0 8. Nf1 d5 9. Bc2 d4 10. c4 e5 11. h3 f5 12. f3 Bd7 13. a3 a6 14. g4 f4 15. g5 Nc8 16. h4 Nd6 17. Qg2 Be6 18. Nh3 b5 19. b3 Qd7 20. Nf2 Rfb8 21. Ng4 Bxg4 22. fxg4 bxc4 23. bxc4 Qc7 24. Nh2 Na5 25. 0-0 Nb3 26. Rb1 Nxc1 27. Rfxc1 Qa5 28. Ra1 Rb2 29. Nf3 Nxc4 30. dxc4 d3 31. Qd2 Qxd2 32. Nxd2 dxc2 33. Kf2 Rd8 34. Ke2 Rd4 35. a4 Bf8 36. Ra3 Bd6 37. Rd3 Ra2 38. Rxd4 exd4 39. Kd3 Be5 40. Rf1 Ra3+ 41. Kxc2 d3+ 42. Kc1 Ra1+ 43. Nb1 Bc3 44. Rd1 Bd4 45. Rxd3 Rxa4 46. Nd2 Be3 47. Rd8+ Kf7 48. Kd1 Ke7 49. Ra8 Ra1+ 50. Ke2 Ra2 51. Ra7+ Ke6 52. Rxh7 Rxd2+ 53. Kf1 f3 0-1